000 00953nam a2200253Ia 4500
003 OSt
005 20220923213346.0
006 a|||||r|||| 00| 0
007 ta
008 220922b |||||||| |||| 00| 0 hin d
024 _a161,110
037 _cTextual
040 _aARTS
_cARTS
_bhin
041 _2hin
_ahin
082 _aO152,3:g(Y15), L3
100 _aराम विनोद सिंह
245 0 _aहिन्दी के मनोविज्ञानिक उपन्यासों में नारी चरित्र
246 _aHindī ke hinovijnyānik upanyāsoan mean nārī charitra
260 _aइलाहाबाद
_b शोध साहित्य प्रकाशन
_c1973
300 _a310 पृ.
_ccm.
650 _aहिन्दी साहित्य
_9156264
942 _hO152,3:g(Y15), L3
_cTEXL
_2CC
999 _c315782
_d315782